000 00608nam a22001577a 4500
999 _c535529
_d535529
020 _qHard Cover.
082 _a624.1
100 _aFahim Ullah.
245 _aEstimating Concession Period for Public Private Partnership (PPP)-based Infrastructure Development: Application of LCCA for Highway Projects /
_cFahim Ullah.
260 _aIslamabad:
_bNIT NUST,
_c2015.
300 _a148 p. :
_bill. ;
_c30cm.
942 _2ddc
_cTHE
650 _aConstruction Engineering and Management MS-Thesis.
_917023
700 _aDr. Muhammad Jamaluddin Thaheem
_916295